000 00705nam a2200289Ia 4500
005 20260324121810.0
008 008 260324s9999 xx 000 0 eng d
020 _a9781315589596
037 _aEBOOK
040 _aCRL
040 _beng
040 _cCRL
041 _2eng
041 _aeng
084 _qCRL
100 _aJohn Kitchen; Andrew Woolley
_91163919
245 0 _aInterpreting Historical Keyboard Music
245 0 _bSources, Contexts and Performance
260 _bTaylor and Francis
260 _c2013
365 _a
365 _b240
856 _uhttp://www.taylorfrancis.com/books/9781315589596
942 _cEBOOK
999 _c1756235
_d1756235